01189nam a22002057a 4500010001500000020002600015035001300041037001300054082001300067100001500080245008400095260004400179270004600223300003500269500001900304520059200323650002500915650002600940700001700966 aENG-109558 c995.00a9789351343707 aEN-93091 bDBAD/PUB a005.7565 aBryla, Bob00aOracle database 12c :cby Bob Bryla [and] Kevin Loneybthe complete reference / aNew DelhibMcGraw Hill Education c2014 aP-24, Green Park Extn.bNew Delhie110016 axxix,1435p. :c24cm(pbk)bill. aIncludes index a "Maintain a scalable, highly available enterprise platform and reduce complexity by leveraging the powerful new tools and cloud enhancements of Oracle Database 12c. This authoritative Oracle Press guide offers complete coverage of installation, configuration, tuning, and administration. Find out how to build and populate Oracle databases, perform effective queries, design applications, and secure your enterprise data. Oracle Database 12c: The Complete Reference also contains a comprehensive appendix covering commands, keywords, features, and functions"-- |c Provided by publisher. aDatabase management. aRelational databases. aLoney, Kevin